• 首页
  • 本馆介绍
  • 公告通知
  • 最新文献
  • 馆藏检索
  • 电子资源
  • 读者导购
  • 参考咨询
  • 我的图书馆
  • 登录
  • 详细信息显示
  • 放入我的书架
  • 预约/预借图书
  • 作者相关作品
  • 分类相关作品
  • 丛书相关作品
  • 出版社相关作品

书目信息

  • 表格格式
  • 工作单格式
  • 卡片格式
题名:
外国诗
    
 
作者: 外国文学出版社 编
分册: (1)  
出版信息: 北京   外国文学出版社  1983.9
页数: 368页
开本: 20cm
丛书名:
单 册:
中图分类: I12
科图分类:
主题词: 文学--作品集--世界
电子资源:
ISBN:
000 00568nam0 2200205 45
001 0312221749
005 20040418154916.4
010    @dCNY1.10
091    @a10208.145
100    @a20031222d1983 km y0chiy0120 ea
101    @achi
105    @a z 000yy
200 1  @a外国诗@h(1)@AWai Guo Shi@f外国文学出版社编@FWai Guo Wen Xue Chu Ban She Bian
210    @a北京@c外国文学出版社@d1983.9
215    @a368页@d20cm
606 0  @a文学@x作品集@x世界
690    @aI12@v3
701 0  @a外国文学出版社@4编
801    @aCN@bTSTCL@c20031222
905    @dI12@e170:1@f3@b230523-525
    
    外国诗.(1)/外国文学出版社编.-北京:外国文学出版社,1983.9
    368页;20cm
    
    
    ISBN :CNY1.10
    
●
相关链接 在E读中查询图书 在五车中查询图书 在当当中查询图书 在豆瓣中查询图书


正题名:外国诗     索取号:I12/170:1         预约/预借

序号 登录号 条形码 馆藏地/架位号 状态 备注
1 0230523   000086427   第二借阅区/ [索取号:I12/170:1] 在馆    
2 0230524   000086418   第二借阅区/ [索取号:I12/170:1] 在馆    
3 0230525   000087364   第二借阅区/ [索取号:I12/170:1] 在馆    
4 0230526   000087355   第一样本阅览室/ [索取号:I12/170:1] 在馆    
唐山师范学院图书馆 欢迎您!
大连网信软件有限公司© 版权所有